[Event "3MCR_4D_1L_4S"]
[Site "?"]
[Date "1999.??.??"]
[Round "4"]
[White "Liska, Milan"]
[Black "Jerabek, Zdenek"]
[Result "1/2-1/2"]
[WhiteElo "2165"]
[BlackElo "2235"]
[PlyCount "81"]
[EventDate "1999.??.??"]
[EventType "corr"]

1. e4 c5 2. Nf3 d6 3. d4 cxd4 4. Nxd4 Nf6 5. Nc3 g6 6. Be3 Bg7 7. f3 O-O 8. Bc4
Bd7 9. Qd2 Nc6 10. h4 Ne5 11. Bb3 h5 12. O-O-O Rc8 13. Bg5 Rc5 14. Kb1 b5 15.
Rhe1 a5 16. f4 Nc4 17. Bxc4 Rxc4 18. e5 b4 19. Ncb5 dxe5 20. fxe5 Nd5 21. e6
Bxb5 22. Nxb5 Rc5 23. exf7+ Rxf7 24. Nd4 Qb8 25. Nb3 Rb5 26. Qd3 a4 27. Nd4 Rb6
28. Qe4 Rd6 29. Rd3 Qb6 30. Nf3 Qb5 31. Nd4 Bxd4 32. Rxd4 a3 33. Qd3 Qxd3 34.
Rxd3 axb2 35. Bxe7 Rd7 36. Bg5 Nc3+ 37. Kxb2 Na4+ 38. Kb1 Rxd3 39. cxd3 Rf2 40.
g3 Kf7 41. Re7+ 1/2-1/2

[Event "3MCR_4D_1L_4S"]
[Site "?"]
[Date "1999.??.??"]
[Round "4"]
[White "Hladik, Josef"]
[Black "Pletanek, Danous"]
[Result "1/2-1/2"]
[WhiteElo "2160"]
[BlackElo "2260"]
[PlyCount "57"]
[EventDate "1999.??.??"]
[EventType "corr"]

1. e4 c5 2. Nf3 d6 3. d4 cxd4 4. Nxd4 Nf6 5. Nc3 a6 6. g3 e5 7. Nde2 b5 8. a4
Bb7 9. Bg2 Be7 10. axb5 axb5 11. Rxa8 Bxa8 12. Bg5 Nbd7 13. Nxb5 Bxe4 14. Bxe4
Nxe4 15. Bxe7 Kxe7 16. Nec3 Ndf6 17. Nxe4 Nxe4 18. O-O Qb6 19. c4 f5 20. Qe2 g6
21. Kg2 Rd8 22. f3 Nf6 23. b4 Kf7 24. Rd1 Qb8 25. Qe3 Rd7 26. h3 d5 27. Qc5 e4
28. f4 Qa8 29. cxd5 1/2-1/2

[Event "3MCR_4D_1L_4S"]
[Site "?"]
[Date "1999.??.??"]
[Round "4"]
[White "Kosek, Lubomir"]
[Black "Krouzel, Jaroslav"]
[Result "1/2-1/2"]
[WhiteElo "2045"]
[BlackElo "2405"]
[PlyCount "84"]
[EventDate "1999.??.??"]
[EventType "corr"]

1. e4 e6 2. d4 d5 3. Nc3 Bb4 4. e5 c5 5. a3 Bxc3+ 6. bxc3 Ne7 7. f4 Qa5 8. Bd2
Nbc6 9. Nf3 cxd4 10. cxd4 Qa4 11. c3 Qxd1+ 12. Rxd1 O-O 13. g4 f6 14. exf6 Rxf6
15. Bd3 Bd7 16. O-O Rc8 17. Kg2 Be8 18. Rb1 b6 19. Rbe1 Bd7 20. Kg3 g6 21. Rf2
Rc7 22. h3 Na5 23. Ne5 Bc8 24. Rb1 Nec6 25. Nf3 Nd8 26. Rb4 Ndb7 27. Re2 Nd6
28. Be1 Ndc4 29. a4 Rf8 30. Ne5 Nxe5 31. fxe5 Bd7 32. Ra2 Bc6 33. h4 Rcf7 34.
Rf2 Rxf2 35. Bxf2 Nc4 36. Be1 Ne3 37. g5 Kg7 38. Bf2 Nf5+ 39. Kg4 h5+ 40. gxh6+
Nxh6+ 41. Kg3 Nf5+ 42. Kg4 Nh6+ 1/2-1/2

[Event "3MCR_4D_1L_4S"]
[Site "?"]
[Date "1999.??.??"]
[Round "4"]
[White "Mares, Vaclav"]
[Black "Blatsky, Libor"]
[Result "1/2-1/2"]
[WhiteElo "2135"]
[BlackElo "2165"]
[PlyCount "70"]
[EventDate "1999.??.??"]
[EventType "corr"]

1. e4 e5 2. d4 exd4 3. c3 d5 4. exd5 Qxd5 5. cxd4 Nc6 6. Nf3 Bg4 7. Be2 Bb4+ 8.
Nc3 Bxf3 9. Bxf3 Qc4 10. Qb3 Qxb3 11. axb3 Nge7 12. O-O a6 13. Ra4 Bd6 14. Ne4
O-O-O 15. Ng5 Rhf8 16. Bg4+ Kb8 17. Bh5 Nd5 18. Nxf7 Rd7 19. Nxd6 Rxd6 20. Bf3
Nb6 21. Ra1 Nxd4 22. Bd1 Nd5 23. Re1 Nb4 24. Bg5 Nd3 25. Be7 Re8 26. Re3 Nf5
27. Bxd6 Nxe3 28. Ba3 Nxd1 29. Rxd1 Re1+ 30. Rxe1 Nxe1 31. Bc5 Nd3 32. Be3 Kc8
33. Kf1 Kd7 34. Ke2 Nb4 35. Kf3 Ke6 1/2-1/2

[Event "3MCR_4D_1L_4S"]
[Site "?"]
[Date "1999.??.??"]
[Round "4"]
[White "Gdovin, Jan"]
[Black "Novotny, Josef"]
[Result "1/2-1/2"]
[WhiteElo "2130"]
[BlackElo "2135"]
[PlyCount "74"]
[EventDate "1999.??.??"]
[EventType "corr"]

1. e4 c5 2. Nf3 e6 3. d4 cxd4 4. Nxd4 a6 5. Nc3 b5 6. Bd3 Qb6 7. Nb3 Qc7 8. O-O
Bb7 9. Be3 Nf6 10. f4 d6 11. a3 Nbd7 12. Kh1 Be7 13. Qe2 Nc5 14. e5 Nfd7 15.
exd6 Qxd6 16. Na5 Nxd3 17. Nxb7 Qc7 18. Qxd3 Qxb7 19. f5 O-O 20. Rae1 Rad8 21.
fxe6 fxe6 22. Bd4 Qc6 23. Qe3 Rxf1+ 24. Rxf1 Re8 25. Ne4 e5 26. Bc3 Nf6 27.
Nxf6+ Bxf6 28. h3 Re6 29. Re1 Re8 30. Qe4 Qxe4 31. Rxe4 Kf7 32. Kg1 Ke6 33. Kf2
Kd5 34. Ke3 Rc8 35. a4 Rc4 36. Rxc4 bxc4 37. b4 Bd8 1/2-1/2

[Event "3MCR_4D_1L_4S"]
[Site "?"]
[Date "1999.??.??"]
[Round "4"]
[White "Kamler, Zdenek"]
[Black "Pletanek, Danous"]
[Result "0-1"]
[WhiteElo "2050"]
[BlackElo "2260"]
[PlyCount "82"]
[EventDate "1999.??.??"]
[EventType "corr"]

1. e4 c5 2. Nf3 d6 3. d4 cxd4 4. Nxd4 Nf6 5. Nc3 a6 6. Be2 e6 7. f4 Be7 8. Be3
O-O 9. O-O Nc6 10. a4 Qc7 11. Kh1 Re8 12. Bf3 Rb8 13. g4 Nd7 14. Bg2 b6 15. g5
Bb7 16. Qh5 g6 17. Qh3 Nxd4 18. Bxd4 Bf8 19. f5 gxf5 20. exf5 Bxg2+ 21. Qxg2
Bg7 22. Bxg7 Kxg7 23. Rae1 exf5 24. Nd5 Qc6 25. Ne7 Qxg2+ 26. Kxg2 f4 27. b4
Kf8 28. Nf5 Rxe1 29. Rxe1 Rc8 30. Nxd6 Rxc2+ 31. Kf3 Rd2 32. Re8+ Kg7 33. Ne4
Rd4 34. h4 f5 35. gxf6+ Nxf6 36. Re7+ Kg6 37. Nxf6 Kxf6 38. Re4 Rxe4 39. Kxe4
f3 40. Kxf3 Kf5 41. Kg3 b5 0-1

[Event "3MCR_4D_1L_4S"]
[Site "?"]
[Date "1999.??.??"]
[Round "4"]
[White "Krouzel, Jaroslav"]
[Black "Jerabek, Zdenek"]
[Result "1-0"]
[WhiteElo "2405"]
[BlackElo "2235"]
[PlyCount "97"]
[EventDate "1999.??.??"]
[EventType "corr"]

1. d4 Nf6 2. c4 e6 3. Nc3 c5 4. d5 exd5 5. cxd5 d6 6. e4 g6 7. f4 Bg7 8. Bb5+
Nfd7 9. a4 O-O 10. Nf3 Na6 11. O-O Nb4 12. Re1 a6 13. Bf1 Re8 14. h3 b6 15. Be3
Nf6 16. Bf2 Nh5 17. Qd2 Bh6 18. g3 Bb7 19. Kh2 Qd7 20. Bg2 Nf6 21. Rad1 Rad8
22. Ng5 Bg7 23. g4 h6 24. Nf3 Qc7 25. Bh4 Rd7 26. Bf1 Rdd8 27. Bc4 Rc8 28. Bg3
Nd7 29. e5 Rcd8 30. f5 g5 31. exd6 Qc8 32. Re7 Bf6 33. Rde1 Rxe7 34. dxe7 Re8
35. h4 Rxe7 36. Rxe7 Bxe7 37. hxg5 b5 38. axb5 axb5 39. Nxb5 Nb6 40. b3 hxg5
41. Nd6 Qa8 42. Nxb7 Qxb7 43. d6 Bd8 44. Nxg5 Nxc4 45. bxc4 Nc6 46. Ne4 Nd4 47.
Qe3 Qb2+ 48. Bf2 Nc6 49. Qxc5 1-0

[Event "3MCR_4D_1L_4S"]
[Site "?"]
[Date "1999.??.??"]
[Round "4"]
[White "Jerabek, Zdenek"]
[Black "Kohout, Vratislav"]
[Result "1-0"]
[WhiteElo "2235"]
[BlackElo "2110"]
[PlyCount "63"]
[EventDate "1999.??.??"]
[EventType "corr"]

1. e4 e6 2. d4 d5 3. Nc3 Bb4 4. e5 c5 5. a3 Ba5 6. b4 cxd4 7. Nb5 Bc7 8. f4 a5
9. Bd2 Nc6 10. Bd3 Nge7 11. Nf3 Nf5 12. Nxc7+ Qxc7 13. b5 Nce7 14. Qe2 h5 15.
O-O Bd7 16. Qf2 Qc5 17. a4 b6 18. Bc1 Ne3 19. Ba3 Qc3 20. Rfb1 N7f5 21. Bb2 Qc7
22. Nxd4 O-O 23. Ra3 Ng4 24. Qe2 f6 25. Nxf5 exf5 26. Bd4 Rfe8 27. Rc3 Qb7 28.
Qf3 Rab8 29. Rd1 Rec8 30. Rxc8+ Rxc8 31. h3 Nh6 32. Qe3 1-0

[Event "3MCR_4D_1L_4S"]
[Site "?"]
[Date "1999.??.??"]
[Round "4"]
[White "Kunovjanek, Milan"]
[Black "Hladik, Josef"]
[Result "1/2-1/2"]
[WhiteElo "2025"]
[BlackElo "2160"]
[PlyCount "75"]
[EventDate "1999.??.??"]
[EventType "corr"]

1. e4 Nf6 2. e5 Nd5 3. d4 d6 4. Nf3 g6 5. Bc4 Nb6 6. Bb3 a5 7. a4 d5 8. O-O Bg7
9. Qe2 O-O 10. Bf4 Nc6 11. Nbd2 f6 12. c3 Bg4 13. Qe3 Qd7 14. h3 Bf5 15. Rfe1
Nd8 16. exf6 exf6 17. Ne4 Bxe4 18. Qxe4 c6 19. Qe7 Qxe7 20. Rxe7 Rf7 21. Re8+
Rf8 22. Rxf8+ Bxf8 23. Bc7 Nd7 24. Re1 Nf7 25. Re6 Kg7 26. c4 dxc4 27. Bxc4 Rc8
28. Bg3 Bb4 29. Kf1 Nb6 30. Bb3 Nd5 31. Ke2 Rd8 32. Bh2 Rd7 33. Kd3 Nd8 34. Re4
Kf7 35. Ng1 Ne6 36. Ne2 Ng5 37. Re3 Ne6 38. Bxd5 1/2-1/2

[Event "3MCR_4D_1L_4S"]
[Site "?"]
[Date "1999.??.??"]
[Round "4"]
[White "Mares, Vaclav"]
[Black "Kunovjanek, Milan"]
[Result "0-1"]
[WhiteElo "2135"]
[BlackElo "2025"]
[PlyCount "58"]
[EventDate "1999.??.??"]
[EventType "corr"]

1. e4 e5 2. Nf3 Nf6 3. d4 Nxe4 4. Bd3 d5 5. Nxe5 Bd6 6. O-O O-O 7. c4 Bxe5 8.
dxe5 Nc6 9. f4 Bf5 10. Nc3 Nxc3 11. bxc3 Bxd3 12. Qxd3 dxc4 13. Qxc4 Qd7 14.
Be3 Rad8 15. Bc5 Rfe8 16. Qb5 b6 17. Rad1 Qe6 18. Bf2 Ne7 19. a4 Rf8 20. Qa6
Qc6 21. c4 Ng6 22. g3 h5 23. c5 h4 24. Qb5 Qf3 25. Bd4 Qg4 26. Qb3 h3 27. Qc2
Rd5 28. Be3 Rfd8 29. cxb6 Rxd1 0-1

[Event "3MCR_4D_1L_4S"]
[Site "?"]
[Date "1999.??.??"]
[Round "4"]
[White "Pletanek, Danous"]
[Black "Jerabek, Zdenek"]
[Result "1-0"]
[WhiteElo "2260"]
[BlackElo "2235"]
[PlyCount "107"]
[EventDate "1999.??.??"]
[EventType "corr"]

1. e4 c5 2. Nf3 d6 3. d4 cxd4 4. Nxd4 Nf6 5. Nc3 g6 6. Be3 Bg7 7. f3 O-O 8. Qd2
Nc6 9. O-O-O Be6 10. Nxe6 fxe6 11. g3 Ne5 12. f4 Neg4 13. Bg1 Qc7 14. Qe2 a6
15. Bh3 h5 16. Bg2 e5 17. h3 Nh6 18. fxe5 dxe5 19. g4 Nf7 20. Be3 hxg4 21. hxg4
e6 22. g5 Nh7 23. Qg4 Qe7 24. Rdg1 Rfd8 25. Bf1 Nf8 26. Bd3 Rac8 27. Qh4 Rxc3
28. bxc3 Qa3+ 29. Kb1 Qxc3 30. Bc1 Rd6 31. a3 Rb6+ 32. Ka2 Nd6 33. Qe1 Qxe1 34.
Rxe1 Rc6 35. a4 Nd7 36. Ba3 Nc5 37. Bxc5 Rxc5 38. Rhf1 Rc6 39. Rb1 Bf8 40. Rf6
Ne8 41. Rxf8+ Kxf8 42. Rxb7 Nd6 43. Rb8+ Ke7 44. Rg8 Rb6 45. Rxg6 Rb4 46. Ka3
Rd4 47. Rg7+ Kf8 48. Ra7 Nxe4 49. Bxe4 Rxe4 50. Rxa6 Ke7 51. Ra7+ Kd6 52. g6
Rg4 53. g7 Kc6 54. a5 1-0

[Event "3MCR_4D_1L_4S"]
[Site "?"]
[Date "1999.??.??"]
[Round "4"]
[White "Kohout, Vratislav"]
[Black "Kosek, Lubomir"]
[Result "0-1"]
[WhiteElo "2110"]
[BlackElo "2045"]
[PlyCount "70"]
[EventDate "1999.??.??"]
[EventType "corr"]

1. Nf3 Nf6 2. d4 g6 3. c4 Bg7 4. Nc3 O-O 5. e4 d6 6. Be2 e5 7. O-O Nbd7 8. Re1
exd4 9. Nxd4 Re8 10. f3 Ne5 11. Bg5 h6 12. Be3 Kh7 13. Qd2 a6 14. Rad1 b6 15.
Bf2 Bb7 16. h3 Nfd7 17. f4 Nc6 18. Bf3 Nxd4 19. Bxd4 Bxd4+ 20. Qxd4 Qh4 21. Qd2
Nf6 22. Nd5 Nxd5 23. cxd5 Re7 24. Rc1 Rae8 25. Rc3 Bxd5 26. e5 Bxf3 27. Rxf3
dxe5 28. fxe5 Rd8 29. Qe2 Qd4+ 30. Kh2 a5 31. Re3 Re6 32. Qf3 Rd7 33. R3e2 c5
34. b3 Rde7 35. Qg3 Qd7 0-1

[Event "3MCR_4D_1L_4S"]
[Site "?"]
[Date "1999.??.??"]
[Round "4"]
[White "Mares, Vaclav"]
[Black "Novotny, Josef"]
[Result "1/2-1/2"]
[WhiteElo "2135"]
[BlackElo "2135"]
[PlyCount "78"]
[EventDate "1999.??.??"]
[EventType "corr"]

1. e4 c5 2. f4 d5 3. exd5 Nf6 4. Nc3 Nxd5 5. Bb5+ Bd7 6. Nge2 Bxb5 7. Nxb5 e6
8. O-O Nc6 9. Ng3 Be7 10. f5 e5 11. b3 Qd7 12. Bb2 O-O 13. Nc3 Nf4 14. Nce2 Nd5
15. Ne4 Rad8 16. g4 Qc7 17. Rf3 Nf6 18. Nf2 Nd4 19. Rh3 e4 20. Nxd4 cxd4 21. g5
e3 22. dxe3 dxe3 23. Nd3 Ne4 24. Qh5 Nxg5 25. Rxe3 Qxc2 26. Rxe7 Rxd3 27. Qxg5
Qxb2 28. Rf1 Qd4+ 29. Kh1 Rd1 30. Ree1 Qd5+ 31. Qg2 Rxe1 32. Qxd5 Rxf1+ 33. Kg2
Rc1 34. Qxb7 Rc2+ 35. Kf3 Rxa2 36. h4 a5 37. Qb5 Rb2 38. Kf4 a4 39. Qxa4 Rb8
1/2-1/2

[Event "3MCR_4D_1L_4S"]
[Site "?"]
[Date "1999.??.??"]
[Round "4"]
[White "Jerabek, Zdenek"]
[Black "Gdovin, Jan"]
[Result "1-0"]
[WhiteElo "2235"]
[BlackElo "2130"]
[PlyCount "73"]
[EventDate "1999.??.??"]
[EventType "corr"]

1. e4 e6 2. d4 d5 3. Nc3 Bb4 4. e5 c5 5. a3 Bxc3+ 6. bxc3 Ne7 7. Nf3 Bd7 8. a4
Qa5 9. Bd2 Nbc6 10. Bb5 Qc7 11. O-O O-O 12. Re1 b6 13. Bd3 h6 14. dxc5 bxc5 15.
c4 Nb4 16. Bf1 dxc4 17. Bxc4 Bc6 18. c3 Nbd5 19. Bd3 Ng6 20. h4 Ndf4 21. Be4
Bxe4 22. Rxe4 Rfd8 23. Rb1 Rd7 24. Qe1 Nd3 25. Qe2 Rad8 26. h5 Ne7 27. c4 Nc6
28. Bc3 Ndb4 29. Bd2 a5 30. g4 Rd3 31. Be3 Ne7 32. Ne1 Ra3 33. Rd1 Rc8 34. Qd2
Rxa4 35. Bxh6 gxh6 36. Qxh6 Nec6 37. Nf3 1-0

[Event "3MCR_4D_1L_4S"]
[Site "?"]
[Date "1999.??.??"]
[Round "4"]
[White "Kosek, Lubomir"]
[Black "Liska, Milan"]
[Result "1-0"]
[WhiteElo "2045"]
[BlackElo "2165"]
[PlyCount "73"]
[EventDate "1999.??.??"]
[EventType "corr"]

1. e4 c5 2. Nf3 d6 3. d4 cxd4 4. Nxd4 Nf6 5. Nc3 a6 6. Be3 e5 7. Nb3 Be6 8. Qd2
Nbd7 9. f3 b5 10. g4 Nb6 11. g5 Nfd7 12. f4 exf4 13. Bxf4 Ne5 14. O-O-O Be7 15.
h4 O-O 16. Qh2 Qc7 17. h5 b4 18. Ne2 a5 19. Kb1 a4 20. Nbd4 Rfc8 21. Rc1 a3 22.
Nxe6 fxe6 23. b3 Nbd7 24. Qh3 Nc5 25. Bg2 Rf8 26. Be3 Rad8 27. c3 Ncd3 28. Rc2
Qd7 29. Nd4 Rb8 30. Nxe6 Rfc8 31. c4 Re8 32. h6 g6 33. Rd2 Bf6 34. gxf6 Rxe6
35. Rf1 Qf7 36. Bd4 Nb2 37. c5 1-0

[Event "3MCR_4D_1L_4S"]
[Site "?"]
[Date "1999.??.??"]
[Round "4"]
[White "Skula, Eugen"]
[Black "Kohout, Vratislav"]
[Result "1-0"]
[WhiteElo "2210"]
[BlackElo "2110"]
[PlyCount "59"]
[EventDate "1999.??.??"]
[EventType "corr"]

1. d4 Nf6 2. c4 e6 3. Nc3 Bb4 4. e3 O-O 5. Nge2 d5 6. a3 Be7 7. cxd5 exd5 8. g3
a5 9. Bg2 c6 10. O-O Na6 11. b3 Nc7 12. f3 c5 13. Na4 Ne6 14. dxc5 Nxc5 15.
Nxc5 Bxc5 16. Nd4 Re8 17. Re1 Qb6 18. Bb2 Bd7 19. Rc1 Re7 20. Qd3 Rae8 21. Rc2
Qd6 22. a4 h5 23. Kh1 Bb6 24. Rce2 h4 25. gxh4 Bc7 26. f4 Ng4 27. Nc2 Qh6 28.
Bxd5 Qxh4 29. Qd4 Nf6 30. Rg1 1-0

[Event "3MCR_4D_1L_4S"]
[Site "?"]
[Date "1999.??.??"]
[Round "4"]
[White "Jerabek, Zdenek"]
[Black "Kunovjanek, Milan"]
[Result "0-1"]
[WhiteElo "2235"]
[BlackElo "2025"]
[PlyCount "90"]
[EventDate "1999.??.??"]
[EventType "corr"]

1. e4 e5 2. Nf3 Nf6 3. Nc3 Nc6 4. Bb5 Nd4 5. Ba4 Bc5 6. Nxe5 O-O 7. Nd3 Bb6 8.
e5 Ne8 9. Nd5 d6 10. Ne3 Qg5 11. exd6 Nxd6 12. O-O N4f5 13. Ne1 Nxe3 14. fxe3
Bg4 15. Nf3 Qe7 16. Kh1 f5 17. d4 c6 18. Qd3 Bc7 19. Ne5 Bh5 20. Nf3 Bg4 21.
Bd2 Kh8 22. Bb4 a5 23. Bxd6 Qxd6 24. Ne5 b5 25. Bb3 a4 26. Bf7 Qh6 27. Nxg4
fxg4 28. g3 Bxg3 29. Qe2 Bc7 30. c3 g3 31. Rf3 Rae8 32. Raf1 Re7 33. Bd5 Rxf3
34. Bxf3 a3 35. bxa3 Rxe3 36. Qg2 Rxc3 37. Bxc6 g5 38. Bxb5 Qxh2+ 39. Qxh2 gxh2
40. Be2 Bd6 41. Bd1 Rc1 42. a4 Ra1 43. a3 Kg7 44. Be2 Rxa3 45. Bb5 g4 0-1

[Event "3MCR_4D_1L_4S"]
[Site "?"]
[Date "1999.??.??"]
[Round "4"]
[White "Kohout, Vratislav"]
[Black "Kunovjanek, Milan"]
[Result "0-1"]
[WhiteElo "2110"]
[BlackElo "2025"]
[PlyCount "54"]
[EventDate "1999.??.??"]
[EventType "corr"]

1. Nf3 d5 2. d4 Nf6 3. c4 c6 4. Nc3 e6 5. e3 Nbd7 6. Qc2 Bd6 7. Bd2 O-O 8.
O-O-O c5 9. e4 cxd4 10. Nxd4 Be5 11. Be1 Bxd4 12. Rxd4 e5 13. Rd1 d4 14. Nd5
Nc5 15. f3 Nxd5 16. exd5 Bd7 17. Bb4 Rc8 18. Kb1 a5 19. Bxc5 Rxc5 20. Bd3 b5
21. Qe2 bxc4 22. Bxc4 Bf5+ 23. Ka1 Qc7 24. b3 a4 25. Rc1 axb3 26. axb3 Ra8+ 27.
Kb2 Qa5 0-1

[Event "3MCR_4D_1L_4S"]
[Site "?"]
[Date "1999.??.??"]
[Round "4"]
[White "Kunovjanek, Milan"]
[Black "Gdovin, Jan"]
[Result "1-0"]
[WhiteElo "2025"]
[BlackElo "2130"]
[PlyCount "73"]
[EventDate "1999.??.??"]
[EventType "corr"]

1. e4 e6 2. d4 d5 3. Nd2 Nf6 4. e5 Nfd7 5. Bd3 c5 6. c3 Nc6 7. Ne2 cxd4 8. cxd4
f6 9. exf6 Nxf6 10. Nf3 Bd6 11. O-O O-O 12. Bg5 Bd7 13. Rc1 Kh8 14. Bb1 Qb6 15.
Nc3 Rae8 16. Na4 Qc7 17. Re1 Bf4 18. Bxf4 Qxf4 19. Nc5 Bc8 20. a3 Qh6 21. Rc3
e5 22. Nxe5 Qf4 23. Ncd3 Qxd4 24. Nxc6 bxc6 25. Rxe8 Rxe8 26. Rxc6 Bf5 27. Rc7
Qb6 28. Qc1 Re2 29. Rc5 Bxd3 30. Bxd3 Rxb2 31. Rc8+ Ng8 32. Rf8 Qb7 33. h3 Rb6
34. Rd8 Re6 35. Qf4 Qe7 36. Rxd5 Qxa3 37. Rd8 1-0

[Event "3MCR_4D_1L_4S"]
[Site "?"]
[Date "1999.??.??"]
[Round "4"]
[White "Kamler, Zdenek"]
[Black "Sykora, Josef"]
[Result "0-1"]
[WhiteElo "2050"]
[BlackElo "2335"]
[PlyCount "88"]
[EventDate "1999.??.??"]
[EventType "corr"]

1. d4 d5 2. c4 c6 3. Nf3 Nf6 4. Nc3 e6 5. e3 Nbd7 6. Qc2 Bd6 7. Bd3 O-O 8. O-O
dxc4 9. Bxc4 Qe7 10. a3 e5 11. h3 Bb8 12. Ba2 h6 13. Nh4 Rd8 14. Nf5 Qe8 15.
Ne4 Nxe4 16. Qxe4 Nf8 17. Bd2 Qd7 18. g4 Qc7 19. d5 Bxf5 20. gxf5 cxd5 21. Qg2
Rd7 22. e4 Qb6 23. Bxd5 Qf6 24. Rac1 Bd6 25. Rc3 Rad8 26. Rfc1 Kh8 27. Rc8 Rxc8
28. Rxc8 b6 29. Qg4 Rc7 30. Ra8 Kh7 31. h4 g6 32. Kg2 gxf5 33. exf5 Qg7 34.
Qxg7+ Kxg7 35. f6+ Kxf6 36. Bxh6 Ne6 37. Rg8 Rc2 38. b4 a5 39. Be3 axb4 40. h5
bxa3 41. Be4 Rc4 42. Bb1 Rh4 43. h6 Nf4+ 44. Kg3 Rxh6 0-1

[Event "3MCR_4D_1L_4S"]
[Site "?"]
[Date "1999.??.??"]
[Round "4"]
[White "Kosek, Lubomir"]
[Black "Gdovin, Jan"]
[Result "0-1"]
[WhiteElo "2045"]
[BlackElo "2130"]
[PlyCount "77"]
[EventDate "1999.??.??"]
[EventType "corr"]

1. e4 e6 2. d4 d5 3. Nc3 Bb4 4. e5 c5 5. a3 Bxc3+ 6. bxc3 Ne7 7. f4 Nbc6 8. Nf3
Qa5 9. Bd2 cxd4 10. cxd4 Qa4 11. c3 Qxd1+ 12. Rxd1 Na5 13. Rb1 b6 14. g4 h5 15.
g5 Nc4 16. Bc1 Bd7 17. Rg1 Rc8 18. Nh4 g6 19. Bd3 Ba4 20. Rg2 Kd7 21. Ra2 Rc7
22. Rb4 b5 23. Nf3 Rb8 24. Kf2 Nc6 25. Rb1 N6a5 26. Nd2 Nxd2 27. Bxd2 a6 28.
Be1 Rbc8 29. h3 Rxc3 30. Bxc3 Rxc3 31. Bf1 Nc4 32. h4 Nxa3 33. Rba1 Rc2+ 34.
Be2 b4 35. Kf3 Rc3+ 36. Kg2 a5 37. Kf2 Kc6 38. Rd2 Bb5 39. Bf3 0-1

[Event "3MCR_4D_1L_4S"]
[Site "?"]
[Date "1999.??.??"]
[Round "4"]
[White "Sykora, Josef"]
[Black "Kohout, Vratislav"]
[Result "1-0"]
[WhiteElo "2335"]
[BlackElo "2110"]
[PlyCount "79"]
[EventDate "1999.??.??"]
[EventType "corr"]

1. d4 e6 2. Nf3 Nf6 3. Bg5 c5 4. e3 Qb6 5. Qc1 Ne4 6. Bf4 d5 7. c3 Be7 8. Nbd2
f5 9. Be2 O-O 10. O-O Nc6 11. dxc5 Qxc5 12. Nb3 Qb6 13. c4 Bf6 14. cxd5 exd5
15. Qd1 Be6 16. Nbd4 Nxd4 17. Nxd4 Rac8 18. f3 Nc5 19. b4 Nd7 20. a4 Rfe8 21.
Bb5 Bxd4 22. Qxd4 Qxd4 23. exd4 a6 24. Bd3 Rc3 25. Rfd1 Nb6 26. a5 Nc4 27. Rac1
Rxc1 28. Rxc1 Rc8 29. Kf2 Kf7 30. h4 g6 31. Rc2 Rc6 32. g3 Rc8 33. Ke1 Rc6 34.
h5 gxh5 35. Rh2 Kg6 36. g4 hxg4 37. fxg4 Bd7 38. gxf5+ Kg7 39. Be5+ Kg8 40. f6
1-0

[Event "3MCR_4D_1L_4S"]
[Site "?"]
[Date "1999.??.??"]
[Round "4"]
[White "Liska, Milan"]
[Black "Sykora, Josef"]
[Result "1/2-1/2"]
[WhiteElo "2165"]
[BlackElo "2335"]
[PlyCount "107"]
[EventDate "1999.??.??"]
[EventType "corr"]

1. e4 c6 2. d4 d5 3. Nd2 dxe4 4. Nxe4 Nd7 5. Ng5 Ngf6 6. Bd3 e6 7. N1f3 Bd6 8.
O-O h6 9. Ne4 Nxe4 10. Bxe4 Qc7 11. c4 b6 12. a3 Bb7 13. Bd2 Nf6 14. Bc2 c5 15.
dxc5 Bxc5 16. Ba4+ Ke7 17. Qe2 Rhd8 18. Rad1 Bd6 19. Bc3 Rac8 20. Rxd6 Rxd6 21.
Rc1 Kf8 22. Bb4 Ne4 23. Nd4 Nc5 24. Nb5 Qc6 25. Qg4 Rdd8 26. Bc2 Ra8 27. Bc3 f6
28. f4 Qd7 29. Re1 Ba6 30. b4 Bxb5 31. bxc5 Ba4 32. c6 Bxc6 33. Qg6 a5 34. Bxf6
gxf6 35. Qxf6+ Qf7 36. Rxe6 Qxf6 37. Rxf6+ Ke7 38. Rxc6 Rac8 39. Rxb6 Rxc4 40.
Bb3 Rc3 41. h3 Rdd3 42. Bg8 Rxa3 43. Rxh6 Rd1+ 44. Kh2 Rf1 45. Rh4 a4 46. Bd5
Rc3 47. Rh7+ Kd6 48. Bf3 a3 49. Ra7 Ra1 50. Ra6+ Ke7 51. f5 Rc5 52. f6+ Kf7 53.
Bg4 Kg6 54. h4 1/2-1/2

[Event "3MCR_4D_1L_4S"]
[Site "?"]
[Date "1999.??.??"]
[Round "4"]
[White "Kohout, Vratislav"]
[Black "Liska, Milan"]
[Result "0-1"]
[WhiteElo "2110"]
[BlackElo "2165"]
[PlyCount "54"]
[EventDate "1999.??.??"]
[EventType "corr"]

1. d4 Nf6 2. c4 e6 3. g3 c5 4. d5 exd5 5. cxd5 d6 6. Nc3 g6 7. Bg2 Bg7 8. Nf3
O-O 9. O-O a6 10. a4 Nbd7 11. Nd2 Re8 12. Nc4 Nb6 13. Nxb6 Qxb6 14. Qc2 Qc7 15.
e4 Bd7 16. a5 Rab8 17. Bf4 Ng4 18. Na4 f5 19. h3 Ne5 20. Nb6 Bb5 21. Rfd1 fxe4
22. Bxe4 Nd7 23. Nxd7 Qxd7 24. Kg2 Bxb2 25. Qxb2 Rxe4 26. Re1 Qf5 27. Bh6 Rd4
0-1

[Event "3MCR_4D_1L_4S"]
[Site "?"]
[Date "1999.??.??"]
[Round "4"]
[White "Hladik, Josef"]
[Black "Krouzel, Jaroslav"]
[Result "1-0"]
[WhiteElo "2160"]
[BlackElo "2405"]
[PlyCount "82"]
[EventDate "1999.??.??"]
[EventType "corr"]

1. e4 e6 2. d4 d5 3. e5 c5 4. c3 Nc6 5. Nf3 Qb6 6. a3 c4 7. Nbd2 Na5 8. g3 Bd7
9. Bh3 h6 10. O-O O-O-O 11. Rb1 Ne7 12. Ne1 Kb8 13. Ng2 Ka8 14. Ne3 f5 15. exf6
gxf6 16. Bg2 Be8 17. b3 cxb3 18. c4 Ba4 19. Bb2 dxc4 20. Ndxc4 Nxc4 21. Nxc4
Qa6 22. Nd2 Nd5 23. Re1 h5 24. h4 f5 25. Nf3 Be7 26. Ne5 Rhg8 27. Nf7 Rdf8 28.
Nh6 Rg7 29. Qxh5 f4 30. Qe5 Bf6 31. Qxe6 fxg3 32. fxg3 Qxe6 33. Rxe6 Rxg3 34.
Rf1 Ne3 35. Rexf6 Rxg2+ 36. Kh1 Rxf6 37. Rxf6 a6 38. Bc1 Re2 39. Bxe3 b2 40.
Rf8+ Ka7 41. Rf1 Bc2 1-0

[Event "3MCR_4D_1L_4S"]
[Site "?"]
[Date "1999.??.??"]
[Round "4"]
[White "Jerabek, Zdenek"]
[Black "Hladik, Josef"]
[Result "1-0"]
[WhiteElo "2235"]
[BlackElo "2160"]
[PlyCount "103"]
[EventDate "1999.??.??"]
[EventType "corr"]

1. e4 e5 2. Nf3 Nc6 3. Bb5 a6 4. Ba4 Nf6 5. O-O Be7 6. Re1 b5 7. Bb3 d6 8. c3
O-O 9. h3 Na5 10. Bc2 c5 11. d4 Nd7 12. Nbd2 exd4 13. cxd4 Nc6 14. Nf1 Bf6 15.
Be3 Qb6 16. e5 dxe5 17. dxc5 Qc7 18. a4 Rb8 19. Ng3 bxa4 20. Qc1 Nb4 21. Be4
Be7 22. Nf5 Bxc5 23. Nxg7 Bb6 24. Qxc7 Bxc7 25. Nf5 Bb7 26. Bh6 Rfe8 27. Rac1
Nf6 28. Rxc7 Bxe4 29. Nd6 Bxf3 30. Rxf7 Nh5 31. Rxf3 Re6 32. Nf5 e4 33. Rc3 Nd5
34. Rc2 Nhf4 35. Ra1 Nd3 36. Rxa4 Rxb2 37. Rxb2 Nxb2 38. Rd4 Nf6 39. Rb4 Nd3
40. Rb7 Ne5 41. Rg7+ Kh8 42. Ra7 Kg8 43. Ne7+ Kf7 44. Nd5+ Nfd7 45. Be3 h5 46.
Nf4 Rd6 47. Nxh5 Kg6 48. g4 Nc4 49. Bf4 Rd1+ 50. Kg2 a5 51. h4 Kf7 52. g5 1-0

[Event "3MCR_4D_1L_4S"]
[Site "?"]
[Date "1999.??.??"]
[Round "4"]
[White "Kohout, Vratislav"]
[Black "Hladik, Josef"]
[Result "0-1"]
[WhiteElo "2110"]
[BlackElo "2160"]
[PlyCount "72"]
[EventDate "1999.??.??"]
[EventType "corr"]

1. d4 Nf6 2. c4 e6 3. g3 c5 4. d5 exd5 5. cxd5 d6 6. Nc3 g6 7. Bg2 Bg7 8. Nf3
O-O 9. O-O Re8 10. Nd2 Nbd7 11. Nc4 Nb6 12. Nxb6 Qxb6 13. e4 Bd7 14. Qc2 Qa6
15. a4 b5 16. Bf4 b4 17. Nb5 Bxb5 18. axb5 Qxb5 19. Bxd6 c4 20. e5 Ng4 21. e6
fxe6 22. dxe6 Rac8 23. Rxa7 Bd4 24. Rb7 Qh5 25. h3 Nxf2 26. Rxf2 Rxe6 27. g4
Re1+ 28. Bf1 Rxf1+ 29. Kxf1 Qxh3+ 30. Kg1 Qxg4+ 31. Kh2 Qh5+ 32. Kg1 Qd5 33.
Rb8 Rxb8 34. Bxb8 c3 35. bxc3 bxc3 36. Bg3 Kg7 0-1

[Event "3MCR_4D_1L_4S"]
[Site "?"]
[Date "1999.??.??"]
[Round "4"]
[White "Mares, Vaclav"]
[Black "Sykora, Josef"]
[Result "0-1"]
[WhiteElo "2135"]
[BlackElo "2335"]
[PlyCount "84"]
[EventDate "1999.??.??"]
[EventType "corr"]

1. e4 c6 2. d4 d5 3. Nc3 dxe4 4. Nxe4 Nd7 5. Ng5 Ngf6 6. Bd3 e6 7. N1f3 Bd6 8.
Qe2 h6 9. Nh3 g5 10. Nhg1 Qc7 11. h3 b6 12. Be3 Bb7 13. O-O-O O-O-O 14. c4 c5
15. Bc2 Kb8 16. Qd3 cxd4 17. Qxd4 Ne5 18. Qc3 Nfd7 19. b3 Rhg8 20. Kb1 Bc5 21.
Bxc5 Qxc5 22. Qe3 Qxe3 23. fxe3 g4 24. hxg4 Nxg4 25. Re1 Nc5 26. Nh3 Ne4 27.
Kb2 f5 28. Nf4 e5 29. Nd5 Bxd5 30. cxd5 Rxd5 31. Rh5 Ngf2 32. Rxf5 Rxg2 33. Re2
Ng3 34. Rf8+ Kb7 35. Rg8 Nd1+ 36. Bxd1 Rxe2+ 37. Bxe2 Nxe2 38. Rg7+ Ka6 39. Re7
h5 40. a4 Ng3 41. b4 b5 42. a5 e4 0-1